LEADER 01357nam a2200277 i 4500 001 000000108421 003 CaOOAMICUS 005 20071126100219.0 008 071126s2007 it u001 u ita d 040 $aPUU$bita$dfq$dPUL$dLDB 100 1 $aPapale, Claudio.$0(OLS)http://pul/name/66456 245 13$aIl processo penale canonico :$bcommento al codice di diritto canonico libro VII, parte IV /$cClaudio Papale. 260 $aRoma :$bUrbaniana University Press,$c2007. 300 $a239 p. ;$c24 cm. 490 1 $aManuali.$aDiritto (Urbania University Press) ;$v19 504 $aBibliografia (215-222) e indice. 650 04$aDiritto canonico penale.$0(OLS)http://pul/subject/999 650 04$aDiritto processuale canonico.$0(OLS)http://pul/subject/29586 830 0$aManuali.$pDiritto (Urbaniana University Press) ;$v19.$0(OLS)http://pul/title/136432 850 $aPUL 852 $aPUL$W1$xSL Diritto Canonico 3$y77$m262. 94 PAPCL 1$j123560$qDDC 21$q $B122501$CPULBib$Z2$F122501 $H105657 $81 941 1 $a9 960 $aDiritto canonico processuale$929586 960 $aDiritto penale canonico$9999 996 $6245$aIl processo penale canonico :$bcommento al codice di diritto canonico libro VII, parte IV$9(OLS)http://pul/title/136431 996 $6260$aRoma :$bUrbaniana University Press$9(OLS)http://pul/publisher/62281 LEADER 01427nam a2200325 a 4500 001 000000173221 003 CaOOAMICUS 005 20200214104850.0 008 200214s2000 it u000 u ita r 020 $z88-10-40375-4* 032 $aLibriCat 040 $aPUL$bita 082 04$a230 245 03$aLa fede di Gesł : $batti del Convegno tenuto a Trento il 27-28 maggio 1998 / $ca cura di Giacomo Canobbio. 260 $aBologna :$bEDB,$c©2000. 300 $a163 p. ;$c21 cm 490 1 $aScienze religiose. Nuova serie ;$v02 504 $aBibliografia in nota. 650 4$aCristologia$xCongressi.$0(OLS)http://pul/subject/38878 700 1 $aCanobbio, Giacomo,$csacerdote,$d1945-$0(OLS)http://pul/name/24030 711 0 $aAtti del Convegno tenuto a Trento il 27-28 maggio 1998.$0(OLS)http://pul/name/111270 830 0$aScienze religiose (EDB).$pNuova serie ;$v02.$0(OLS)http://pul/title/65809 850 $aPUL 852 $aPUL$W1$xSL Religione 3$y85$m230 SCIRE 1.2$j197198$qDDC 21$B201986$CPULBib$Z2$F201986 $H133811 $82 941 1 $a9 996 $6020$z88-10-40375-4*$9(OLS)http://pul/number/167211 996 $6082$a230$9(OLS)http://pul/classification/368 996 $6245$aLa fede di Gesł : $batti del Convegno tenuto a Trento il 27-28 maggio 1998 / $9(OLS)http://pul/title/214326 996 $6260$aBologna :$bEDB$9(OLS)http://pul/publisher/56073